000 00726nam a22002177a 4500
003 UA-OsUOA
001 86700
007 ta
008 20120910b un ||||| |||| 00| 0 ukr d
090 _a82-94
_bГ57
942 _cBK
040 _aUA-OsUOA
_brus
_cUA-OsUOA
_dUA-OsUOA
245 _aГоворят погибшие герои
_bПредсмертные письма советских борцов против немецко-фашистских захватчиков
300 _a528 с.
955 _a3
041 _arus
080 _a82-94
260 _aМ.
_bПолитическая литература
_c1966
650 7 _a82 Література. Літературознавство
_2UDC
999 _c372837
_d372837